000 01354nam a2200301Ia 4500
000 nam a22 i 4500
001 UNACH-14172
007 ta
008 221212s ||||fr|||| 00| | spa d
020 _a978-6-07-438414-7
041 0 _aspa
082 0 4 _a658.81
_bAdministración de ventas
100 1 _aTorres Morales, Virgilio,
_eautor
245 1 0 _aAdministración de ventas
264 3 1 _a[México] :
_aMéxico D.F :
_bGrupo editorial Patria.,
_c2011
300 _a271 páginas :
_bilustraciones y tablas
336 _atexto
_btxt
_2rdacontent
337 _ano mediado
_bn
_2rdamedia
338 _avolumen
_bnc
_2rdacarrier
504 _aIncluye: Prólogo, Introducción, Índice,
505 0 _aIntroducción a la Administración.-- Fundamentos de las ventas.-- Relaciones del departamento de ventas.-- Naturaleza de la planeación de ventas.--Técnicas de ventas.-- Modelos de ventas.-- Análisis de mercado.-- Pronóstico de ventas.-- El presupuesto de ventas.-- Organización de la fuerza de ventas.-- Reclutamiento, selección y capacitación del personal de ventas por tiempo y territorio.-- Asignación al personal de ventas por cuotas.-- Servicio a clientes.--
650 1 4 _aADMINISTRACIÓN
650 2 4 _aATENCIÓN AL CLIENTE
650 2 4 _aFUNDAMENTOS
653 0 _aAdministración de ventas
942 _2ddc
_c1
_n0
999 _c10692
_d10692